000 00744cab a2200217 4500
001 WB3105-14
008 090401t1995 xxu||||| |||| 00| 0 eng d
035 _a(Sirsi) u19586
041 _aeng
245 _aHouse-hunting with a computer
260 _c1995
350 _a0
490 _aFinancial Times
_v28 January 1995, XI(2)
520 _aComputer technology is being adapted to the business of estate agency with Progress software to be installed on touch screens at General Accident so that buyers can view properties from any branch.
650 _aRESIDENTIAL AGENCY
650 _aSOFTWARE PACKAGES
690 _aHOUSING
690 _aMANAGEMENT-BUSINESS MANAGEMENT-INFORMATION MANAGEMENT
942 _n0
948 _c04/03/1997
999 _c13091
_d13091